PPP ako nástroj modernizácie infraštruktúry

Možnosti spolupráce verejného a súkromného sektora pri realizácii infraštruktúrnych projektov. Analýza predpokladov, obmedzení a najmä rizík takejto spolupráce.

Gespeichert in:
Bibliographische Detailangaben
1. Verfasser: Svobodová, Valéria
Weitere Verfasser: Pullmanová, Terézia, 1953-
Format: Buchkapitel
Sprache:Slowakisch
Schlagworte:
Tags: Tag hinzufügen
Keine Tags, Fügen Sie das erste Tag hinzu!

MARC

LEADER 00000naa$a2200000$$$4500
001 0126774
005 20240502072438.8
041 0 |a slo 
044 |a SK 
245 1 0 |a PPP ako nástroj modernizácie infraštruktúry  |c Valéria Svobodová, Terézia Pullmanová 
520 |a Možnosti spolupráce verejného a súkromného sektora pri realizácii infraštruktúrnych projektov. Analýza predpokladov, obmedzení a najmä rizík takejto spolupráce. 
610 2 0 |a infraštruktúra 
610 2 0 |a sektor súkromný 
610 2 0 |a sektor verejný 
610 2 0 |a partnerstvo verejno-súkromné 
610 2 0 |a pojmy 
610 2 0 |a projekty 
610 2 0 |a financovanie projektové 
610 2 0 |a financovanie 
100 1 |a Svobodová, Valéria 
700 1 |a Pullmanová, Terézia, 1953-